Statistics for Countries With the Greatest Time Zone Inaccuracy

Click here to take the quiz!

General Stats

  • This quiz has been taken 26 times
  • The average score is 7 of 11

Answer Stats

Greatest Inaccuracy (hours)Answer% Correct
2Canada
100%
3United States
100%
2Russia
95%
3China
91%
2Kazakhstan
64%
2Argentina
59%
2Chile
55%
2Mongolia
50%
2Spain
41%
2Iceland
27%
2Morocco
9%

Score Distribution

Percentile by Number Answered

Percent of People with Each Score

Your Score History

You have not taken this quiz